000
00304nam a22001337a 4500
008
170830b xxu||||| |||| 00| 0 eng d
020
_a
9780312191627
041
_a
eng
080
_a
070
100
_a
39
101
_a
MED
245
_a
RESEARCH IN MASS COMMUNICATION
_c
POINDEXTER,P.M
942
_2
udc
_c
BK
999
_c
25469
_d
25469